|
|
|
|
| LEADER |
00000nam0a2200000 4500 |
| 001 |
248887 |
| 005 |
20231101232428.0 |
| 035 |
|
|
|a (RuTPU)RU\TPU\book\270804
|
| 090 |
|
|
|a 248887
|
| 100 |
|
|
|a 20140128d1956 k y0rusy50 ca
|
| 101 |
0 |
|
|a rus
|
| 102 |
|
|
|a RU
|
| 105 |
|
|
|a y z 001zy
|
| 200 |
1 |
|
|a Печи цветной металлургии
|e конструкции, исследование, теория, расчет
|f Д. А. Диомидовский
|
| 210 |
|
|
|a Москва
|c Изд-во литературы по черной и цветной металлургии
|d 1956
|
| 215 |
|
|
|a 459 с.
|
| 320 |
|
|
|a Библиогр.: с. 454-459.
|
| 606 |
1 |
|
|a Металлургические печи
|2 stltpush
|3 (RuTPU)RU\TPU\subj\72814
|9 86207
|
| 610 |
1 |
|
|a цветная металлургия
|
| 610 |
1 |
|
|a конструкции
|
| 610 |
1 |
|
|a исследование
|
| 610 |
1 |
|
|a теория
|
| 610 |
1 |
|
|a расчет
|
| 610 |
1 |
|
|a обжиговые печи
|
| 610 |
1 |
|
|a окислительный обжиг
|
| 610 |
1 |
|
|a методы расчета
|
| 610 |
1 |
|
|a отражательные печи
|
| 610 |
1 |
|
|a производительность
|
| 610 |
1 |
|
|a усовершенствование
|
| 610 |
1 |
|
|a рудоподготовительное оборудование
|
| 610 |
1 |
|
|a конвейеры
|
| 675 |
|
|
|a 669.04
|v 3
|
| 700 |
|
1 |
|a Диомидовский
|b Д. А.
|g Дмитрий Александрович
|
| 801 |
|
1 |
|a RU
|b 63413507
|c 20140128
|
| 801 |
|
2 |
|a RU
|b 63413507
|c 20140423
|g RCR
|
| 942 |
|
|
|c BK
|